Archivo General de la Nación : Indice del ramo Consolidación /

Shranjeno v:
Bibliografske podrobnosti
Glavni avtor: Archivo General de la Nación (México) (autor)
Drugi avtorji: Villaseñor Espinosa, Roberto (autor) (autor)
Format: Knjiga
Jezik:španščina
Izdano: México : Archivo General de la Nación, Departamento de Publicaciones, 1978, c1978
Serija:(Guías y Catálogos AGN ; 25)
Teme:
Oznake: Označite
Brez oznak, prvi označite!

MARC

LEADER 00000nam^a2200000^a^4500
001 000121195
005 20250521000000.0
009 20260310094419.878
037 |a Acervo ITESO - Biblioteca 
041 |a ESP 
082 |a 972.  |b AGN GUI V. 25 
100 |a Archivo General de la Nación (México)  |e (autor) 
245 1 0 |a Archivo General de la Nación :  |b Indice del ramo Consolidación /  |c AGN, R. Villaseñor Espinosa. 
246 2 |a Título en la cubierta: Ramo Consolidación 
264 4 |a México :  |b Archivo General de la Nación, Departamento de Publicaciones,  |c 1978, c1978 
300 |a 35 h. 
336 |a texto  |b txt  |2 rdacontenido 
337 |a sin mediación  |b n  |2 rdamedio 
338 |a volumen  |b nc  |2 rdasoporte 
440 1 |a (Guías y Catálogos AGN ;  |v 25) 
649 |a XX 
650 |a Catálogos de Archivos -  |z México (Ciudad) 
650 |a Catálogos de Archivos -  |z México 
650 |a Archivo General de la Nación -  |z México -  |x Tema Principal 
650 |a Archivos -  |z México (Ciudad) 
650 |a Archivos -  |z México 
650 |a Deuda Pública -  |z México -  |x Historia -  |y Epoca Colonial, 1517-1821 -  |x Documentos -  |x Tema Principal 
650 |a Economía -  |z México -  |x Historia -  |y Epoca Colonial, 1517-1821 -  |x Documentos 
650 |a México -  |x Historia -  |y Epoca Colonial, 1517-1821 -  |x Documentos 
650 |a México -  |x Historia -  |x Documentos 
700 |a Villaseñor Espinosa, Roberto  |e (autor) 
910 |a Fondo Salvador Reynoso Reynoso 
920 |a Impresos - Libros 
930 |a Fondos Especiales 
905 |a 112 
901 |a 0800006046  |b IT2  |c ESP  |u 20250521 
902 |a https://opac.biblio.iteso.mx/vufind/Record/000121195